We can help! / (Record no. 5576)

MARC details
000 -LEADER
fixed length control field 01073cam a2200337 a 4500
001 - CONTROL NUMBER
control field 5576
003 - CONTROL NUMBER IDENTIFIER
control field FISKH
005 - DATE AND TIME OF LATEST TRANSACTION
control field 20250815120836.0
008 - FIXED-LENGTH DATA ELEMENTS--GENERAL INFORMATION
fixed length control field 080204s2008 nyua j 000 1 eng
010 ## - LIBRARY OF CONGRESS CONTROL NUMBER
LC control number 2007051842
020 ## - INTERNATIONAL STANDARD BOOK NUMBER
International Standard Book Number 9781416968658
020 ## - INTERNATIONAL STANDARD BOOK NUMBER
International Standard Book Number 1416968652
020 ## - INTERNATIONAL STANDARD BOOK NUMBER
International Standard Book Number 9781416968658
040 ## - CATALOGING SOURCE
Original cataloging agency DLC
Transcribing agency DLC
Modifying agency DLC
Language of cataloging eng
050 ## - LIBRARY OF CONGRESS CALL NUMBER
Classification number PZ7.R39245
082 ## - DEWEY DECIMAL CLASSIFICATION NUMBER
Classification number 258
100 1# - MAIN ENTRY--PERSONAL NAME
Personal name Richards, Melinda.
245 10 - TITLE STATEMENT
Title We can help! /
Statement of responsibility, etc. adapted by Melinda Richards ; based on the teleplay written by Billy Lopez and Josh Selig ; illustrated by Little Airplane Productions.
260 ## - PUBLICATION, DISTRIBUTION, ETC.
Place of publication, distribution, etc. New York :
Name of publisher, distributor, etc. Simon Spotlight,
Date of publication, distribution, etc. 2008.
300 ## - PHYSICAL DESCRIPTION
Extent 22 unnumbered pages :
Other physical details color illustrations ;
Dimensions 23 cm
490 0# - SERIES STATEMENT
Series statement Ready-to-read. Pre-level 1
505 ## - FORMATTED CONTENTS NOTE
Formatted contents note A
520 ## - SUMMARY, ETC.
Summary, etc. The Wonder Pets help a tiger with a thorn in her paw!
521 ## - TARGET AUDIENCE NOTE
Target audience note 70<br/>
Source Lexile estimate <br/>
521 ## - TARGET AUDIENCE NOTE
Target audience note A<br/>
Source Raz-Plus<br/>
650 ## - SUBJECT ADDED ENTRY--TOPICAL TERM
Topical term or geographic name entry element Easy Reader
Form subdivision Kids
700 ## - ADDED ENTRY--PERSONAL NAME
Personal name Fogarty, Alexandria
906 ## - LOCAL DATA ELEMENT F, LDF (RLIN)
a 7
b cbc
c orignew
d 1
e ecip
f 20
g y-gencatlg
942 ## - ADDED ENTRY ELEMENTS (KOHA)
Source of classification or shelving scheme Dewey Decimal Classification
Koha item type Books
Suppress in OPAC No
Holdings
Withdrawn status Lost status Source of classification or shelving scheme Damaged status Not for loan Collection Home library Current library Shelving location Date acquired Total Checkouts Full call number Barcode Date last seen Price effective from Koha item type Copy number
    Dewey Decimal Classification     Juvenile Fiction Footprints International School Library Network Toul Kork Campus Footprints International School Library Network Toul Kork Campus TK Primary Library Room(4th Floor), Bookcase 7, Shelves 57-60, Dark Green Books 12/18/2024   RIC 258 PZ7.R39245 FISTK01100 12/18/2024 12/18/2024 Books  
    Dewey Decimal Classification     Juvenile Fiction Footprints International School Library Network Toul Tom Poung Campus Footprints International School Library Network Toul Tom Poung Campus TTP Primary Green Bookshelves 08/15/2025   RIC 258 PZ7.R39245 FIS03209 08/15/2025 08/15/2025 Books 2